| 000 | 01654nam0a2200337 4500 | ||
|---|---|---|---|
| 001 | RU\NLR\BIBL_A\011891927 | ||
| 005 | 20190117111956.0 | ||
| 010 |
_a978-5-907133-26-6 _9300 |
||
| 021 |
_aRU _bКН-П-18-088334 _9КН-П-18-6413 |
||
| 035 | _a(NLR Aleph) 011891927 | ||
| 035 | _a(RuMoRGB)009814870 | ||
| 090 |
_a10835246 _c10835246 |
||
| 100 | _a20181214d2018 k y0rusy50 ca | ||
| 101 | 0 | _arus | |
| 102 | _aRU | ||
| 105 | _aa z 000zy | ||
| 200 | 1 |
_aПрактика психологического консультирования сотрудников пенитенциарных учреждений _eмонография _fЛитвишков Владимир Михайлович _gФедеральная служба исполнения наказаний, Научно-исследовательский институт [ФСИН России] |
|
| 210 |
_aКраснодар _cНовация _d2018 |
||
| 215 |
_a102 с. _cил., табл. _d21 |
||
| 320 | _aБиблиогр.: с. 88-91 (47 назв.) и в подстроч. примеч. | ||
| 606 | 1 |
_aУголовно-исполнительная система _xКадры _yПсихологическая служба _92391731 _3RU\NLR\AUTH\6601646636 |
|
| 610 | 0 | _aсотрудники пенитенциарных учреждений | |
| 610 | 0 | _aпсихологическое консультирование | |
| 686 | 1 | _aХ628.401 | |
| 686 | 1 | _aЮ947.2 | |
| 700 | 1 |
_aЛитвишков _bВ. М. _gВладимир Михайлович |
|
| 942 | _cBOOK | ||
| 980 | _aNBR | ||
| 980 | _aNB | ||